000
00321nam a2200109Ia 4500
008
240129s9999 xx 000 0 und d
100
_a
BAREJA, NEETA
245
0
_a
DIRECT TAX LAWS : ITS ROLE IN DEVELOPMENT OF INTERNATIONAL BUSINESS
260
_b
MEWAR UNIVERSITY, CHITTORGARH
_c
2013
650
_a
Commerce
942
_c
THE
999
_c
218576
_d
218576